| 000 | 00747nam a2200289Ia 4500 | ||
|---|---|---|---|
| 001 | Z_2744 | ||
| 003 | CHAP | ||
| 008 | 220113s1996 xx 000 0 und d | ||
| 010 | _a165804 | ||
| 040 | _cCHAP | ||
| 082 | _a633.2 H633 | ||
| 100 |
_aHodgson, J. _9139826 |
||
| 245 |
_aThe ecology and management of grazing systems / _ced. by J. Hodgson and Q. W. Illius |
||
| 260 |
_aWallingford, Oxo : _bCABI, _c1996 |
||
| 300 |
_a466 p. : _bilus. ; gráfs. ; gráfs. |
||
| 440 | _a | ||
| 500 | _a | ||
| 503 | _a190333 | ||
| 650 |
_aForrajes _xProducción I. Illius, A. W. II. t. _9139827 |
||
| 650 |
_aPastizales _xManejo _985944 |
||
| 901 | _a633.2 H633 | ||
| 902 | _aA | ||
| 910 | _a1996 | ||
| 942 | _c1 | ||
| 942 | _cc1 | ||
| 999 |
_c165804 _d165804 |
||